The bull of Minos /
Guardado en:
| Autor Principal: | |
|---|---|
| Otros Autores: | |
| Formato: | Libro |
| Idioma: | English |
| Publicado: |
London :
Pan Books,
1955.
|
| Edición: | Rev. ed. |
| Series: | Great Pan ;
GP36 |
| Materias: | |
| Etiquetas: |
Agregar Etiqueta
Sin Etiquetas, Sea el primero en etiquetar este registro!
|
| LEADER | 00869nam a22002415a 4500 | ||
|---|---|---|---|
| 001 | EUN.eunm008791 | ||
| 008 | 170713s1955####enka#####b####000#0#eng#d | ||
| 005 | 20211109111439.0 | ||
| 245 | 1 | 4 | |a The bull of Minos / |c Leonard Cottrell ; with introduction by Alan Wace. |
| 250 | |a Rev. ed. | ||
| 260 | |a London : |b Pan Books, |c 1955. | ||
| 300 | |a 222 p., [12] p. de láms. : |b il. ; |c 18 cm. | ||
| 490 | 0 | |a Great Pan ; |v GP36 | |
| 504 | |a Incluye referencias bibliográficas. | ||
| 100 | 1 | |a Cottrell, Leonard. | |
| 700 | 1 | |a Wace, A. J. B. |q (Alan John Bayard), |d 1879-1957. |4 aui | |
| 082 | 0 | 4 | |a 938 |2 15 |
| 650 | 7 | |a Historia. |2 unbist | |
| 650 | 7 | |a Restos arqueológicos. |2 abne | |
| 650 | 7 | |a Restos arqueológicos griegos. |2 abne | |
| 650 | 7 | |a Excavaciones arqueológicas. |2 abne | |
| 651 | 7 | |a Creta. |2 abne | |
| 859 | |a AR-BaUNS |b BIB. CENTRAL - Sector A - Huber |h 938 |i C829-1 |p 128233/021 |v H. 339 | ||
